• 首页
  • 本馆介绍
  • 公告通知
  • 最新文献
  • 馆藏检索
  • 电子资源
  • 读者导购
  • 参考咨询
  • 我的图书馆
  • 登录
  • 详细信息显示
  • 放入我的书架
  • 预约/预借图书
  • 作者相关作品
  • 分类相关作品
  • 丛书相关作品
  • 出版社相关作品

书目信息

  • 表格格式
  • 工作单格式
  • 卡片格式
题名:
新视野英语教程
    
 
作者: 郑树棠 , 周国强 总主编 ;俞理明 主编
分册: 3   读写教程
出版信息: 北京   外语教学与研究出版社  2005
页数: 376页
开本: 26cm
丛书名:
单 册:
中图分类: H31 , H319.4
科图分类:
主题词: 英语--高等教育--教材 , 英语--阅读教学--高等教育--教材 , 英语--写作--高等教育--教材
电子资源:
ISBN: 978-7-5600-4653-2
000 01240nam0 2200313 450
001 0101799322
005 20110316152837.0
010    @a978-7-5600-4653-2@dCNY29.90
100    @a20091103e20062005em y0chiy0120 ea
101 0  @achi@aeng
102    @aCN@b110000
105    @ay z 000yy
106    @ar
200 1  @a新视野英语教程@9Xin Shi Ye Ying Yu Jiao Cheng @i读写教程@i教师用书@f郑树棠,胡全生总主编@g俞理明主编@h3@b专著
210    @a北京@c外语教学与研究出版社@d2005@h2006重印
215    @a376页@d26cm
300    @a全国高职高专英语教材
304    @a英文共同题名:New horizon English course
330    @a本书为《新视野英语教程:读写教程》第三级的教师用书,共10个单元,供二年级第一学期使用。每单元的基本内容有提供A、B两课文的背景知识、实用英语写作部分的教学建议、两篇课文的课文解释以及两篇课文的参考译文和所有练习的参考答案。
606 0  @a英语@x高等教育@j教材
606 0  @a英语@x阅读教学@x高等教育@j教材
606 0  @a英语@x写作@x高等教育@j教材
690    @aH31@v4
690    @aH319.4@v4
701  0 @a郑树棠@f(1945~)@4总主编@9zheng shu tang
701  0 @a周国强@c(英语)@4总主编@9zhou guo qiang
702  0 @a俞理明@f(1945~)@4主编@9yu li ming
801  0 @aCN@b110019@c20060801
905    @aBZT@dH31@e379:3@f13@sH31/379:3
    
    新视野英语教程.读写教程.教师用书/郑树棠,胡全生总主编/俞理明主编.3.-北京:外语教学与研究出版社,2005(2006重印)
    376页;26cm
    全国高职高专英语教材
    
    ISBN 978-7-5600-4653-2:CNY29.90
    本书为《新视野英语教程:读写教程》第三级的教师用书,共10个单元,供二年级第一学期使用。每单元的基本内容有提供A、B两课文的背景知识、实用英语写作部分的教学建议、两篇课文的课文解释以及两篇课文的参考译文和所有练习的参考答案。
●
相关链接 在五车中查询图书 在当当中查询图书 在豆瓣中查询图书


正题名:新视野英语教程     索取号:H31/379:3         预约/预借

序号 登录号 条形码 馆藏地/架位号 状态 备注
1 2000013505   2000013505   旧书回溯/ [索取号:H31/379:3] 在馆    
2 2000013506   2000013506   旧书回溯/ [索取号:H31/379:3] 在馆    
3 2000013507   2000013507   旧书回溯/ [索取号:H31/379:3] 在馆    
4 2000013508   2000013508   旧书回溯/ [索取号:H31/379:3] 在馆    
5 2000013509   2000013509   旧书回溯/ [索取号:H31/379:3] 在馆    
6 2000018459   2000018459   旧书回溯/ [索取号:H31/379:3] 在馆    
7 2000018460   2000018460   旧书回溯/ [索取号:H31/379:3] 在馆    
8 2000018985   2000018985   旧书回溯/ [索取号:H31/379:3] 在馆    
9 2000021980   2000021980   旧书回溯/ [索取号:H31/379:3] 在馆    
10 2000021981   2000021981   旧书回溯/ [索取号:H31/379:3] 在馆    
11 2000021982   2000021982   旧书回溯/ [索取号:H31/379:3] 在馆    
12 2000021983   2000021983   旧书回溯/ [索取号:H31/379:3] 在馆    
13 2000021984   2000021984   旧书回溯/ [索取号:H31/379:3] 在馆    
山东省滨州职业学院图书馆 欢迎您!
大连网信软件有限公司© 版权所有